Les disciplines des Jeux bolivariens depuis 1938 - Statistiques

Statistiques générales
  • Ce quiz a été pris 2 fois
  • Le résultat moyen est 27 sur 60
Statistiques - réponses
Domaine Initiale Sports % Correct
Autres sports A Athlétisme
100%
Sports de raquette B Badminton
100%
Sports de combat B Boxe
100%
Autres sports P Cyclisme sur {piste}
100%
Autres sports R Cyclisme sur {route}
100%
Sports de combat E Escrime
100%
Sports de combat J Judo
100%
Sports de combat K Karaté
100%
Sports de combat L Lutte
100%
Sports d'eau S Pêche {sous-marine}
100%
Sports d'eau E Plongée {en apnée}
100%
Sports de combat T Taekwondo
100%
Sports de raquette T Tennis
100%
Sports de raquette T Tennis de table
100%
Sports d'équipe V Volleyball
100%
Sports d'équipe W Water-polo
100%
Sports d'équipe B Baseball
50%
Sports d'équipe B Basket
50%
Jeux B Billard
50%
Autres sports C BMX {Course}
50%
Jeux B Bowling
50%
Jeux E Echecs
50%
Sports équestres E Equitation
50%
Sports d'équipe F Football
50%
Sports d'équipe F Futsal
50%
Autres sports G Golf
50%
Autres sports A Gymnastique {artistique}
50%
Autres sports R Gymnastique {rythmique}
50%
Autres sports H Haltérophilie
50%
Sports d'équipe H Handball
50%
Sports d'équipe H Hockey-sur-gazon
50%
Sports d'eau N Natation
50%
Sports d'eau A Natation {artistique}
50%
Sports d'eau P Plongeon
50%
Sports d'eau S Surf
50%
Autres sports T Triathlon
50%
Sports d'eau V Voile
50%
Sports d'eau A Aviron
0%
Sports d'équipe B Basket 3x3
0%
Sports d'équipe B Beach volley
0%
Autres sports M BMX {Mountain bike}
0%
Jeux B Bocce
0%
Autres sports B Bodybuilding
0%
Sports d'eau C Canoë-kayak
0%
Sports équestres C Coleo
0%
Sports équestres C {Combiné} équestre
0%
Autres sports E Escalade
0%
Sports d'eau P Natation avec {palmes}
0%
Sports d'eau N Natation en {eaux vives}
0%
Sports d'équipe P Pelote basque
0%
Autres sports P Pentathlon moderne
0%
Sports d'équipe R Racquetball
0%
Autres sports R Roller
0%
Sports d'équipe R Rugby à VII
0%
Sports d'eau S Ski nautique
0%
Sports d'équipe S Softball
0%
Autres sports T Tir
0%
Autres sports T Tir à l'arc
0%
Autres sports T Trampoline
0%
Sports de combat W Wushu
0%
Aucun quiz correspondant
Distribution des résultats
% des personnes avec chaque résultat
Percentile par nombre de réponses
Votre historique - résultats
Vous n’avez pas pris ce quiz